[Event "CZE-chT2b 0506"]
[Site "Czech Republic"]
[Date "2006.02.26"]
[Round "8"]
[White "Nudcenko, Karel"]
[Black "Vaculik, Martin"]
[Result "0-1"]
[WhiteElo "2198"]
[BlackElo "2260"]
[PlyCount "148"]
[EventDate "2005.10.16"]
[EventType "team"]
[EventRounds "11"]
[EventCountry "CZE"]
[SourceTitle "EXT 2009"]
[Source "ChessBase"]
[SourceDate "2008.11.26"]
[SourceVersion "1"]
[SourceVersionDate "2008.11.26"]
[SourceQuality "1"]

1. e4 c5 2. c3 d5 3. exd5 Qxd5 4. d4 Nc6 5. Nf3 Nf6 6. Be2 e6 7. 0-0 cxd4 8. cxd4 Be7 9. Nc3 Qd6 10. Nb5 Qd8 11. Bf4 Nd5 12. Bg3 a6 13. Nc3 Nxc3 14. bxc3 0-0 15. Rb1 Bf6 16. Bd3 Qa5 17. Qc2 g6 18. Rfe1 Bg7 19. Ne5 Nxe5 20. Bxe5 Ra7 21. Bb8 Ra8 22. Bd6 Rd8 23. Bc5 Rd7 24. Be4 Bf8 25. Bb6 Qg5 26. Qe2 Bd6 27. Qf3 Rb8 28. g3 Be7 29. Rb3 Bd8 30. Ba7 Ra8 31. Bc5 Rb8 32. Bc6 Rc7 33. Bd6 Rxc6 34. Bxb8 Qd2 35. Qe2 Qxe2 36. Rxe2 Ba5 37. Be5 b5 38. a4 bxa4 39. Ra3 Rc4 40. Bf6 Bd7 41. Re3 Bc6 42. Kf1 Kf8 43. Ke1 Ke8 44. Kd2 Bd5 45. f4 h5 46. g4 hxg4 47. Rg3 Bc7 48. Rxg4 Bd6 49. Ra1 a3 50. Rh4 Ra4 51. Rh8+ Kd7 52. Be5 Be7 53. Rh7 Ke8 54. Rh3 a2 55. Re3 Kd7 56. Kc2 Bc4 57. Bb8 Kc6 58. Ba7 Kb7 59. Bc5 Bxc5 60. dxc5 Bd5 61. f5 exf5 62. Kb2 Kc6 63. Rd1 Rc4 64. Rd4 Kxc5 65. Rxc4+ Bxc4 66. h4 Bd5 67. Re1 f4 68. Rd1 f3 69. Rd2 f5 70. Rd4 Be4 71. Rd2 Bd5 72. Rd4 a5 73. Ra4 Bc4 74. Rxa5+ Kb6 0-1

[Event "CZE-chT2b 0506"]
[Site "Czech Republic"]
[Date "2005.12.18"]
[Round "5"]
[White "Nudcenko, Karel"]
[Black "Balin, Jan"]
[Result "0-1"]
[WhiteElo "2195"]
[BlackElo "2250"]
[PlyCount "138"]
[EventDate "2005.10.16"]
[EventType "team"]
[EventRounds "11"]
[EventCountry "CZE"]
[SourceTitle "EXT 2009"]
[Source "ChessBase"]
[SourceDate "2008.11.26"]
[SourceVersion "1"]
[SourceVersionDate "2008.11.26"]
[SourceQuality "1"]

1. e4 d5 2. exd5 Nf6 3. d4 Nxd5 4. Nf3 Bg4 5. Be2 e6 6. 0-0 Nc6 7. c4 Nb6 8. b3 Be7 9. Bb2 Bf6 10. Ne5 Bxe2 11. Qxe2 Nxd4 12. Qe4 c5 13. Na3 Qd6 14. Ng4 Be7 15. Bxd4 Qxd4 16. Qxd4 cxd4 17. Nb5 Rd8 18. Nxa7 f6 19. h3 Kf7 20. Nb5 e5 21. Rfd1 h5 22. Nh2 Rd7 23. Rd3 Rhd8 24. f3 Nc8 25. Nf1 f5 26. Re1 Bf6 27. Nd2 b6 28. g4 hxg4 29. hxg4 g6 30. Nf1 Ne7 31. Kg2 Nc6 32. Ng3 Nb4 33. Rdd1 Nc2 34. gxf5 gxf5 35. Nxf5 Nxe1+ 36. Rxe1 Ke6 37. Nh6 Rg7+ 38. Ng4 Kf5 39. Re4 Re7 40. Nh6+ Kg6 41. Ng4 Ra8 42. a3 d3 43. Kf2 d2 44. Ke2 Rd7 45. Ne3 Rh8 46. Nc3 Rh2+ 47. Kf1 Rh1+ 48. Ke2 Re1+ 49. Kf2 d1Q 50. Nexd1 Rexd1 51. Nxd1 Rxd1 52. Ke2 Rb1 53. Re3 Rb2+ 54. Kd1 Kf5 55. b4 Bh4 56. Rc3 Ke6 57. Rd3 Bf2 58. Kc1 Re2 59. Rc3 Bd4 60. Rd3 Kf5 61. Kd1 Rf2 62. Ke1 Rc2 63. c5 bxc5 64. bxc5 Bxc5 65. Rd7 Bxa3 66. Rf7+ Ke6 67. Rb7 Bc5 68. Rb5 Kd5 69. Ra5 Rc3 0-1

[Event "CZE-chT2b 0506"]
[Site "Czech Republic"]
[Date "2005.11.06"]
[Round "2"]
[White "Horak"]
[Black "Nudcenko, Karel"]
[Result "1-0"]
[WhiteElo "2280"]
[BlackElo "2195"]
[PlyCount "79"]
[EventDate "2005.10.16"]
[EventType "team"]
[EventRounds "11"]
[EventCountry "CZE"]
[SourceTitle "EXT 2009"]
[Source "ChessBase"]
[SourceDate "2008.11.26"]
[SourceVersion "1"]
[SourceVersionDate "2008.11.26"]
[SourceQuality "1"]

1. e4 e6 2. Qe2 c5 3. f4 Nc6 4. Nf3 Be7 5. g3 Nf6 6. Bg2 0-0 7. d3 d5 8. e5 Ne8 9. 0-0 f5 10. exf6 Bxf6 11. c3 Qd6 12. Na3 Nc7 13. Bd2 Bd7 14. Rae1 Rae8 15. Ne5 Bxe5 16. fxe5 Rxf1+ 17. Rxf1 Qe7 18. h4 Rf8 19. Bf4 b5 20. Nc2 a5 21. h5 Be8 22. Ne3 h6 23. Qg4 Kh8 24. Kh2 d4 25. cxd4 Nxd4 26. Be4 Na6 27. Ng2 Nf5 28. Bd2 Nb4 29. Nf4 Kg8 30. Nxe6 Qxe6 31. Bxf5 Rxf5 32. Qxf5 Bd7 33. Qxe6+ Bxe6 34. Bxb4 axb4 35. b3 c4 36. dxc4 bxc4 37. bxc4 Bxc4 38. Rf4 Bxa2 39. Rxb4 Bd5 40. g4 1-0